000 00553nam a2200193 a 4500
005 20240228063910.0
008 080222s2002 mx r 000 0 spa d
020 _a8439206550
035 _aUPN01000154405
049 _aI
050 4 _aPZ71
_bR8.2
100 1 _aRuiz de la Prada, Agatha
245 1 1 _a¡A comer! /
_cAgatha Ruiz de la Prada.
260 _aMadrid :
_bGaviota,
_c2002.
300 _a[8] p. cubiertas de plástico
_bil. col.
650 4 _aLibros y lectura para niños
_92290
650 4 _aLIBROS PARA JUGAR
_912646
905 _aInfantil
999 _c126522
_d126522